000
nam a22 7a 4500
999
_c
52364
_d
52364
003
OSt
005
20220621165849.0
008
220621b xxu||||| |||| 00| 0 eng d
040
_c
IIMT UNIVERSITY MEERUT
100
_a
GUPTA R.P.
245
_a
VIDDUT UPYANTRA EV MAPAN
260
_b
BHARAT BHARTI
300
_a
325
942
_2
ddc
_c
09